General Systems Theory:problems, perspectives, practice

Spremljeno u:
Bibliografski detalji
Glavni autor: Skyttner, Lars
Format: Nepoznato
Jezik:engleski
Izdano: New Jersey World Scientific Publishing co 2005
Izdanje:Second Edition
Teme:
Oznake: Dodaj oznaku
Bez oznaka, Budi prvi tko označuje ovaj zapis!

MARC

LEADER 00000 a2200000 4500
003 CL-VaPUC
005 20240104150743.0
008 200318b ||||| |||| 00| 0 eng d
999 |c 385448  |d 385446 
020 |a 9789812563897 
040 |c Pontificia Universidad Católica de Valparaíso 
082 0 4 |a 003 SKY 2005 
100 1 |a Skyttner, Lars  |9 623514 
245 1 0 |a General Systems Theory:problems, perspectives, practice 
250 |a Second Edition 
260 |b World Scientific Publishing co  |c 2005  |a New Jersey 
300 |a 524 p 
583 |k Hugo Gaete  |c 20200318 
650 0 0 |a Análisis de sistemas   |9 260059 
650 0 0 |a Teoría de sistemas  |9 260742 
650 0 0 |a Cibernética  |9 270269 
650 0 0 |a CONTROL DE SISTEMAS  |9 352951 
650 0 0 |a Informática   |9 260044 
942 |2 ddc  |c BK 
952 |0 0  |1 0  |2 ddc  |4 0  |6 003_000000000000000_SKY_2005  |7 0  |8 A  |9 551571  |a BIBING  |b BIBING  |c GEN  |d 2020-03-06  |e 87  |g 94304.00  |i 5573521  |o 003 SKY 2005   |p 5573521  |r 2024-01-25  |t 1  |v 0.00  |w 2020-03-06  |y BK  |k EII